Reporting of Inventory Valuation for Purposes of the Management Accounting

Salvato in:
Dettagli Bibliografici
Autore principale: Dubcová, Gabriela, 1968-
Altri autori: Hlaváčiková, Jana
Natura: Capitolo di libro
Lingua:inglese
Soggetti:
Tags: Aggiungi Tag
Nessun Tag, puoi essere il primo ad aggiungerne!!

MARC

LEADER 00000nla a2200000 4500
001 0228827
005 20240524080208.6
041 0 |a eng 
044 |a CZ 
245 1 0 |a Reporting of Inventory Valuation for Purposes of the Management Accounting  |c Gabriela Dubcová, Jana Hlaváčiková 
610 2 0 |a zásoby 
610 2 0 |a ohodnocovanie 
610 2 0 |a náklady priame 
610 2 0 |a náklady vlastné úplné 
610 2 0 |a kalkulácia nákladov 
610 2 0 |a účtovníctvo manažérske 
610 2 0 |a zisk 
100 1 |a Dubcová, Gabriela, 1968- 
700 1 |a Hlaváčiková, Jana